Normal view
MARC view
Entry Personal Name
001 - CONTROL NUMBER
- control field: 1237786
003 - CONTROL NUMBER IDENTIFIER
- control field: OSt
005 - DATE AND TIME OF LATEST TRANSACTION
- control field: 20260430150532.0
008 - FIXED-LENGTH DATA ELEMENTS
- fixed length control field: 260430|| aca||aabn | a|a d
040 ## - CATALOGING SOURCE
- Original cataloging agency: OSt
- Transcribing agency: OSt
100 ## - HEADING--PERSONAL NAME
- Personal name: Shilpa B S L Au.; Aneja Anil Kumar Gu
670 ## - SOURCE DATA FOUND
- Source citation: Work cat.: (OSt)1850020: Shilpa B S L Au.; Aneja Anil Kumar Gu., Interrogating Representations of Disability in Superhero Comics and Graphic Memoirs, 2024
